| 000 | 00444nam a2200157 i 4500 | ||
|---|---|---|---|
| 001 | 23874 | ||
| 003 | ES-MaACL | ||
| 005 | 20230906152942.0 | ||
| 007 | t| | ||
| 008 | 021213s1971 sp ||||1| spa d | ||
| 100 | 1 |
_aAnitua, Santiago. _921806 |
|
| 245 | 1 | 0 |
_aEjercicios espirituales para seminaristas mayores / _cSantiago Anitua. |
| 260 |
_aBilbao : _bMensajero, _c[1971] |
||
| 300 |
_a285 p. ; _c19 cm. |
||
| 852 |
_aES-MaACL _jC-41564 _bR.78264 |
||
| 999 |
_c23874 _d23874 |
||